[Event "San Francisco cat 4th"]
[Site "San Francisco"]
[Date "2000.05.14"]
[Round "7"]
[White "Montiel, Sergio"]
[Black "Peretti, Lucas Guillermo"]
[Result "1-0"]
[WhiteElo "594"]
[BlackElo "618"]
[PlyCount "141"]
[EventDate "2000.05.06"]
[EventType "team"]
[EventRounds "7"]
[EventCountry "ARG"]
[SourceTitle "EXT 2005"]
[Source "ChessBase"]
[SourceDate "2004.11.15"]
[SourceVersion "1"]
[SourceVersionDate "2004.11.15"]
[SourceQuality "1"]

1. e4 c5 2. Bc4 d6 3. d3 Nc6 4. Nf3 Bg4 5. h3 Bh5 6. 0-0 Nf6 7. Bg5 e6 8. c3 Be7 9. Bb5 Qc7 10. d4 0-0 11. e5 dxe5 12. dxe5 Nxe5 13. Nbd2 h6 14. Bf4 Nd5 15. Bxe5 Qxe5 16. Nxe5 Bxd1 17. Rfxd1 Rfd8 18. Ne4 f6 19. Ng6 Kf7 20. Nxe7 Kxe7 21. Nxc5 a6 22. c4 b6 23. Bc6 Rac8 24. Nb7 Rxc6 25. Nxd8 Kxd8 26. cxd5 exd5 27. Rxd5+ Ke7 28. Rdd1 Ke6 29. Re1+ Kf5 30. Rac1 Rd6 31. b4 Rd2 32. a4 Rb2 33. Rc4 Ra2 34. a5 bxa5 35. Rc5+ Kg6 36. Rxa5 Rb2 37. Re4 f5 38. Rf4 Kg5 39. g3 Kh5 40. g4+ Kh4 41. Rfxf5 Kxh3 42. f3 Kg3 43. Ra1 Rxb4 44. Rfa5 Kxf3 45. Rxa6 Rxg4+ 46. Kh1 Rh4+ 47. Kg1 Rg4+ 48. Kf1 Rh4 49. R6a3+ Kg4 50. Ra4+ Kh3 51. Rxh4+ Kxh4 52. Kg2 g5 53. Kh2 g4 54. Ra4 h5 55. Kg2 Kg5 56. Kg3 h4+ 57. Kg2 Kf5 58. Kh2 Kg5 59. Kg2 Kf5 60. Ra5+ Kf4 61. Ra3 h3+ 62. Kf2 Kg5 63. Kg3 h2 64. Kxh2 Kh4 65. Ra4 Kg5 66. Kg3 Kf5 67. Ra5+ Ke4 68. Kxg4 Kd4 69. Kg5 Ke4 70. Kf6 Kd4 71. Ke6 1-0

[Event "San Francisco cat 4th"]
[Site "San Francisco"]
[Date "2000.05.07"]
[Round "3"]
[White "Cuberli, Andres"]
[Black "Montiel, Sergio"]
[Result "0-1"]
[WhiteElo "532"]
[BlackElo "594"]
[PlyCount "100"]
[EventDate "2000.05.06"]
[EventType "team"]
[EventRounds "7"]
[EventCountry "ARG"]
[SourceTitle "EXT 2005"]
[Source "ChessBase"]
[SourceDate "2004.11.15"]
[SourceVersion "1"]
[SourceVersionDate "2004.11.15"]
[SourceQuality "1"]

1. e4 e5 2. Nf3 Nc6 3. Bc4 h6 4. 0-0 Nf6 5. d3 Be7 6. Be3 0-0 7. Nc3 Na5 8. b3 c6 9. d4 exd4 10. Bxd4 d5 11. exd5 cxd5 12. Bd3 Qc7 13. Qd2 Ng4 14. g3 Nc6 15. Rfe1 Nxd4 16. Nxd4 Bg5 17. Qe2 Qxc3 18. Nb5 Qc5 19. Rf1 a6 20. h3 axb5 21. hxg4 Bd7 22. Rac1 Bxc1 23. Rxc1 Rfe8 24. Qd2 Bxg4 25. c3 Red8 26. Bc2 d4 27. Qd3 dxc3 28. Qh7+ Kf8 29. Qh8+ Ke7 30. Qxg7 Bf5 31. Bxf5 Qxf5 32. Re1+ Kd7 33. Qxh6 Rxa2 34. Rd1+ Rd2 35. Rxd2+ cxd2 36. Qxd2+ Ke8 37. Qe2+ Qe6 38. Qxe6+ fxe6 39. f4 Rd3 40. Kh2 Rxb3 41. Kh3 Re3 42. Kh4 b4 43. g4 b3 44. g5 b2 45. g6 b1Q 46. g7 Qh7+ 47. Kg5 Qxg7+ 48. Kh4 Qh7+ 49. Kg5 Qf5+ 50. Kh4 Rh3# 0-1